000 00716nam a22001932 4500
001 0000009751
005 20151217155843.0
008 081126s xx 000 0 eng d
040 _aKABU
_cKABU
110 2 _aKenya.
_@0000150215
245 1 0 _aKenya - Somalia relations :
_bnarrative of four years of inspired aggression and direct subversion mounted by the Somali Republic against the Government and people of the Republic of Kenya /
_cKenya.
250 _a1st ed.
260 _aNairobi :
_bGovernment Printer,
_c1967.
300 _ax, 65 p.
651 0 _aKenya
_xForeign relations
_zSomalia.
_@0000161516
852 1 _9p200 KES
908 _a081126
950 _@1
999 _c13269
_d13269